| 000 | 00809nam a2200241Ia 4500 | ||
|---|---|---|---|
| 003 | OSt | ||
| 005 | 20220923224032.0 | ||
| 006 | a|||||r|||| 00| 0 | ||
| 007 | ta | ||
| 008 | 220922b |||||||| |||| 00| 0 hin d | ||
| 024 | _a224,341 | ||
| 037 | _cTextual | ||
| 040 |
_aARTS _cARTS _bhin |
||
| 041 |
_2hin _ahin |
||
| 082 | _aP(1), 152P5 | ||
| 100 |
_aमुळे, गुणाकर _9156291 |
||
| 245 | 0 |
_aअक्षर बोलते हैं _b पुरालिपियों का परिचय |
|
| 246 | _aAkṣhar bolate haian: purālipiyoan kā parichaya | ||
| 260 |
_aदिल्ली _b यात्री प्रकाशन _c2005 |
||
| 300 |
_a191पृ. _ccm. |
||
| 942 |
_hP(1), 152P5 _cTEXL _2CC |
||
| 999 |
_c368783 _d368783 |
||